000 00245nam a2200097Ia 4500
001 946862
005 20250826215449.0
008 250824s9999 xx 000 0 und d
245 0 _aEYVALLAH
_cHİKMET ANIL ÖZTEKİN
260 _bHAYY KİTAP YAYINLARI
999 _c946862
_d946862